|
|
|
|
| LEADER |
01618nam a2200397 i 4500 |
| 001 |
001906862 |
| 003 |
CZ BrMZK |
| 005 |
20241107082034.0 |
| 007 |
ta |
| 008 |
240903s1987 bl c g 000 p epo |
| 020 |
|
|
|q (Brožováno)
|
| 040 |
|
|
|a BOA001
|b cze
|e rda
|
| 041 |
1 |
|
|a epo
|h por
|
| 072 |
|
7 |
|a 821
|x Literatura v různých jazycích
|2 Konspekt
|9 25
|
| 080 |
|
|
|a 821.922-1
|2 MRF
|
| 080 |
|
|
|a 821.134.3(81)-1
|2 MRF
|
| 080 |
|
|
|a (0:82-1)
|2 MRF
|
| 245 |
0 |
0 |
|a Voĉoj de poetoj el la spirita mondo /
|c [kompilita kaj tradukis] Francisco Valdomiro Lorenz
|
| 250 |
|
|
|a 2a edição
|
| 264 |
|
1 |
|a Rio-RJ :
|b Federação Espírita Brasileira, Departamento Editorial,
|c [1987]
|
| 300 |
|
|
|a 144 stran :
|b portréty ;
|c 19 cm
|
| 336 |
|
|
|a text
|b txt
|2 rdacontent
|
| 337 |
|
|
|a bez média
|b n
|2 rdamedia
|
| 338 |
|
|
|a svazek
|b nc
|2 rdacarrier
|
| 500 |
|
|
|a "Reeldono kadre de la omaĝoj de FEB al la centjara jubileo de Esperanto. Reedição dentro do programa de homenagens da FEB ao jubileu centenário do Esperanto"--Rub titulní stránky
|
| 500 |
|
|
|a Částečně přeloženo z portugalštiny
|
| 653 |
0 |
|
|a spiritistická poezie
|a medijní poezie
|
| 655 |
|
7 |
|a esperantská poezie
|7 fd210177
|2 czenas
|
| 655 |
|
7 |
|a brazilská poezie
|7 fd131922
|2 czenas
|
| 655 |
|
9 |
|a Esperanto poetry
|2 eczenas
|
| 655 |
|
9 |
|a Brazilian poetry
|2 eczenas
|
| 700 |
1 |
|
|a Lorenc, František Vladimír,
|d 1872-1957
|7 jk01072399
|4 com
|4 trl
|
| 910 |
|
|
|a BOA001
|b ESP1-1531.434
|
| 990 |
|
|
|a BK
|
| 991 |
|
|
|b 202411
|
| 996 |
7 |
|
|b 2610978798
|c ESP1-1531.434
|l Stud. periodik/2.patro
|r DEP / do 15 dnů
|n 0
|p dar
|h H309/1
|w 001976331
|u 000010
|a 240
|e BOA001
|j MZK50
|s A
|